EA won't tolerate Illegal waste activities (Record no. 117153)

MARC details
000 -LEADER
fixed length control field 01198cam a2200229 4500
001 - CONTROL NUMBER
control field WB4013-16
008 - FIXED-LENGTH DATA ELEMENTS--GENERAL INFORMATION
fixed length control field 040331n2004 000 0 eng u
035 ## - SYSTEM CONTROL NUMBER
System control number (Sirsi) u125687
245 ## - TITLE STATEMENT
Title EA won't tolerate Illegal waste activities
260 ## - PUBLICATION, DISTRIBUTION, ETC.
Date of publication, distribution, etc. 2004
490 ## - SERIES STATEMENT
Series statement Environment Agency Press Release
Volume/sequential designation (42/04) 24 March 2004 (3)
520 ## - SUMMARY, ETC.
Summary, etc. The Environment Agency (EA) has published a report warning that illegal waste activity will increase as waste disposal costs rise and capacity for hazardous waste disposal decreases. The EA emphasises that such activity will not be tolerated and warns business to ensure that their waste is disposed of by legitimate waste carriers otherwise they could also be prosecuted. The report, "Hazardous waste - a growing challenge", outlines the challenges in managing hazardous waste and is available from the EA website, http://www.environment-agency.gov.uk/subjects/wast e/232021/232024/743177/?lang=_e.
590 ## - LOCAL NOTE (RLIN)
Local note WB
590 ## - LOCAL NOTE (RLIN)
Local note WB
650 ## - SUBJECT ADDED ENTRY--TOPICAL TERM
Topical term or geographic name entry element LANDFILL SITES
650 ## - SUBJECT ADDED ENTRY--TOPICAL TERM
Topical term or geographic name entry element HAZARDOUS WASTE
650 ## - SUBJECT ADDED ENTRY--TOPICAL TERM
Topical term or geographic name entry element WASTE REGULATIONS
650 ## - SUBJECT ADDED ENTRY--TOPICAL TERM
Topical term or geographic name entry element ENVIRONMENTAL PROTECTION
650 ## - SUBJECT ADDED ENTRY--TOPICAL TERM
Topical term or geographic name entry element WASTE MINIMISATION
690 ## - LOCAL SUBJECT ADDED ENTRY--TOPICAL TERM (OCLC, RLIN)
Topical term or geographic name as entry element WASTE MANAGEMENT
942 ## - ADDED ENTRY ELEMENTS (KOHA)
Suppress in OPAC 0
Holdings
Withdrawn status Lost status Source of classification or shelving scheme Damaged status Not for loan Home library Current library Shelving location Date acquired Total Checkouts Full call number Barcode Date last seen Copy number Price effective from Koha item type
    Dewey Decimal Classification     London London News article 31/03/2004   WB4013-16 125687-1001 06/08/2019 1 06/08/2019 News article